Религиозный фактор в вооруженных конфликтах современности. Развивающиеся страны Азии и Африки в 70-80 гг.

Bibliographische Detailangaben
1. Verfasser: Малышева Д. Б. Дина Борисовна
Körperschaft: Академия наук СССР (АН СССР) Институт мировой экономики и международных отношений (ИМЭМО)
Sprache:Russisch
Veröffentlicht: Москва, Наука, 1991
Schlagworte:
Format: MixedMaterials Buch
KOHA link:https://koha.lib.tpu.ru/cgi-bin/koha/opac-detail.pl?biblionumber=145045

MARC

LEADER 00000nam0a2200000 4500
001 145045
005 20231031143918.0
010 |a 5020175544 
020 |a RU  |b 91-58478 
035 |a (RuTPU)RU\TPU\book\157200 
090 |a 145045 
100 |a 20081011d1991 k a0rusy5003 ca 
101 0 |a rus 
102 |a RU 
105 |a y z 001zy 
200 1 |a Религиозный фактор в вооруженных конфликтах современности. Развивающиеся страны Азии и Африки в 70-80 гг.  |f Д. Б. Малышева  |g Академия наук СССР (АН СССР), Институт мировой экономики и международных отношений (ИМЭМО) 
210 |a Москва  |c Наука  |d 1991 
215 |a 193 с. 
320 |a Библиогр. в примеч.: с. 187-192. 
610 1 |a политика 
610 1 |a религия 
610 1 |a вооруженные конфликты 
610 1 |a международные отношения 
610 1 |a Азия 
610 1 |a Африка 
686 |a Ф4(5)  |2 rubbk 
686 |a Э38  |2 rubbk 
700 1 |a Малышева  |b Д. Б.  |g Дина Борисовна 
712 0 2 |a Академия наук СССР (АН СССР)  |b Институт мировой экономики и международных отношений (ИМЭМО)  |c (Москва)  |2 stltpush  |3 (RuTPU)RU\TPU\col\11484 
801 0 |a RU  |b RuMRKP  |c 19950417  |g psbo 
801 1 |a RU  |b 63413507  |c 20081011  |g PSBO 
801 2 |a RU  |b 63413507  |c 20180731  |g PSBO 
942 |c BK